|
|
|
|
| LEADER |
02699cam a2200673 i 4500 |
| 001 |
nkc20172900504 |
| 003 |
CZ PrNK |
| 005 |
20260213095434.0 |
| 007 |
ta |
| 008 |
170512s2017 xr af e 000 f cze d |
| 015 |
|
|
|a cnb002900504
|
| 020 |
|
|
|a 978-80-87081-61-7
|q (vázáno)
|
| 035 |
|
|
|a (OCoLC)1003288599
|
| 040 |
|
|
|a ULG001
|b cze
|d OLA001
|e rda
|
| 041 |
1 |
|
|a cze
|h eng
|
| 072 |
|
7 |
|a 821.111-3
|x Anglická próza, anglicky psaná
|2 Konspekt
|9 25
|
| 080 |
|
|
|a 821.111-31
|2 MRF
|
| 080 |
|
|
|a 27-423.79
|2 MRF
|
| 080 |
|
|
|a 17.02
|2 MRF
|
| 080 |
|
|
|a 27-584.5
|2 MRF
|
| 080 |
|
|
|a 27
|2 MRF
|
| 080 |
|
|
|a 274
|2 MRF
|
| 080 |
|
|
|a (0:82-312.2)
|2 MRF
|
| 080 |
|
|
|a (0:82-191)
|2 MRF
|
| 100 |
1 |
|
|a Bunyan, John,
|d 1628-1688
|7 jn19990001216
|4 aut
|
| 240 |
1 |
0 |
|a Pilgrim's progress.
|l Česky
|7 aun20201080441
|
| 245 |
1 |
0 |
|a Poutníkova cesta :
|b z tohoto světa do světa budoucího /
|c John Bunyan ; z anglického originálu The pilgrim's progress (from this world to that which is to come) ... přeložil Tomáš Míka
|
| 246 |
3 |
0 |
|a Poutníkova cesta z tohoto světa do světa budoucího
|
| 250 |
|
|
|a Vydání druhé (v nakladatelství Stefanos první)
|
| 264 |
|
1 |
|a Jindřichův Hradec :
|b Stefanos,
|c 2017
|
| 300 |
|
|
|a 215 stran, 16 nečíslovaných listů obrazových příloh :
|b ilustrace (některé barevné) ;
|c 20 cm
|
| 336 |
|
|
|a text
|b txt
|2 rdacontent
|
| 337 |
|
|
|a bez média
|b n
|2 rdamedia
|
| 338 |
|
|
|a svazek
|b nc
|2 rdacarrier
|
| 500 |
|
|
|a Chronologický přehled
|
| 500 |
|
|
|a 1500 výtisků
|
| 504 |
|
|
|a Obsahuje bibliografické odkazy
|
| 650 |
0 |
7 |
|a křesťanská víra
|7 ph122113
|2 czenas
|
| 650 |
0 |
7 |
|a smysl života
|7 ph125718
|x křesťanské pojetí
|2 czenas
|
| 650 |
0 |
7 |
|a duchovní cesta
|7 ph119626
|x křesťanské pojetí
|2 czenas
|
| 650 |
0 |
7 |
|a puritanismus (náboženské hnutí)
|7 ph303234
|2 czenas
|
| 650 |
0 |
9 |
|a Christian faith
|2 eczenas
|
| 650 |
0 |
9 |
|a sense of life
|x Christian approach
|2 eczenas
|
| 650 |
0 |
9 |
|a spiritual path
|x Christian approach
|2 eczenas
|
| 650 |
0 |
9 |
|a Puritanism
|2 eczenas
|
| 655 |
|
7 |
|a anglické romány
|7 fd131814
|2 czenas
|
| 655 |
|
7 |
|a náboženské romány
|7 fd195357
|2 czenas
|
| 655 |
|
7 |
|a alegorie
|7 fd132397
|2 czenas
|
| 655 |
|
9 |
|a English fiction
|2 eczenas
|
| 655 |
|
9 |
|a religious novels
|2 eczenas
|
| 655 |
|
9 |
|a allegories
|2 eczenas
|
| 700 |
1 |
|
|a Míka, Tomáš,
|d 1959-
|7 jn20010309517
|4 trl
|
| 910 |
2 |
|
|a BOA001
|b 1-1390.968
|
| 920 |
|
|
|a KN3148000001168929
|z ULG001
|
| 990 |
|
|
|a BK
|
| 995 |
|
|
|a 01
|
| 991 |
|
|
|b 201707
|c NOV
|
| 996 |
6 |
|
|b 2610713117
|c 1-1390.968
|l MZK
|r Sklad / do 1 hodiny
|n 1
|p p.v.
|w 001619149
|u 000010
|a 1
|e BOA001
|j MZK50
|s P
|
| 996 |
7 |
|
|b 2611025528
|c 1-1390.968
|l MZK
|r Sklad / do 1 hodiny
|n 0
|p kup
|w 001619149
|u 000020
|a 1
|e BOA001
|j MZK50
|s A
|